| 000 | 00965 a2200229 4500 | ||
|---|---|---|---|
| 999 |
_c7003 _d7003 |
||
| 020 | _a0521585120 | ||
| 020 | _a0521585295 (pbk.) | ||
| 050 | 0 | 0 | _aHB137 FUE 2000 |
| 100 | 1 |
_aFuente, Angel de la. _eauthor |
|
| 245 | 1 | 0 |
_aMathematical methods and models for economists / _cAngel de la Fuente. |
| 264 |
_aNew York : _bCambridge University Press, _c2000. |
||
| 300 |
_axii, 835 p. : _bill. ; |
||
| 500 | _aIncludes index | ||
| 504 | _aIncludes bibliographical references | ||
| 650 | 0 |
_aEconomics _xStatistical methods. |
|
| 650 | 0 | _aMathematical models. | |
| 856 | 4 | 2 |
_3Publisher description _uhttp://www.loc.gov/catdir/description/cam029/98052086.html |
| 856 | 4 | 1 |
_3Table of contents _uhttp://www.loc.gov/catdir/toc/cam025/98052086.html |
| 942 |
_2lcc _cBK _h137 _iFUE _kHB |
||